AP Brain Rot Exam - Statistics

General Stats
  • This quiz has been taken 140 times
  • The average score is 4 of 8
Answer Stats
Hint Answer % Correct
Charisma Rizz
90%
Called you but was shot dead in Detroit. John Pork
82%
Potty brain rot. Skibidi toilet
60%
What I call the starfish in a popular Nickelodeon show Subaru
40%
People never answer his call. Freakbob
38%
NO IT'S NICE... Hyperpigmentation
27%
A frequent form of payment at gas stations. Mouse Pay
26%
Dumptruck, fatty, etc. Wyatt
2%
No matching quizzes found
Score Distribution
Percent of People with Each Score
Percentile by Number Answered
Your Score History
You have not taken this quiz